Učebná továreň na podporu digitalizácie v priemysle
Na minha lista:
| Autor principal: | |
|---|---|
| Outros Autores: | |
| Formato: | Manuscrito Livro |
| Idioma: | eslovaco |
| Publicado em: |
2023
|
| Assuntos: | |
| Acesso em linha: | http://is.stuba.sk/zp/portal_zp.pl?podrobnosti_zp=94795 |
| Tags: |
Sem tags, seja o primeiro a adicionar uma tag!
|
MARC
| LEADER | 00000ntm a22000003a 4500 | ||
|---|---|---|---|
| 001 | stuzp94795 | ||
| 003 | SK-STU | ||
| 005 | 20240323210210.5 | ||
| 007 | ta | ||
| 008 | 150427s2015----xo-----f-mn---000-0-slo-d | ||
| 040 | |a STU |b slo | ||
| 041 | 0 | |a slo | |
| 100 | 1 | |a Juhás, Martin |u 020020 |k Z1 |4 aut |U SjF Strojnícka fakulta |T SjF Ústav automatizácie, informatizácie a merania |X 2316 |U J0020 |Y 802 |7 A000002316 | |
| 242 | 0 | 1 | |a Learning factory to support digitalization in industry |y eng |
| 245 | 1 | 0 | |a Učebná továreň na podporu digitalizácie v priemysle |
| 260 | |c 2023 | ||
| 650 | 4 | |a učebná továreň |2 slo | |
| 650 | 4 | |a testbed |2 slo | |
| 650 | 4 | |a Priemysel 4.0 |2 slo | |
| 650 | 4 | |a PLC |2 slo | |
| 650 | 4 | |a digitalizácia |2 slo | |
| 650 | 4 | |a learning factory |2 eng | |
| 650 | 4 | |a testbed |2 eng | |
| 650 | 4 | |a Industry 4.0 |2 eng | |
| 650 | 4 | |a PLC |2 eng | |
| 650 | 4 | |a digitalization |2 eng | |
| 700 | 1 | |a , |4 ths |X null |7 null | |
| 856 | 4 | |u http://is.stuba.sk/zp/portal_zp.pl?podrobnosti_zp=94795 | |